LEADER 02422nam2 22004933i 450 001 RAV1050842 005 20251003044330.0 010 $a8820483793 100 $a20110331d1994 ||||0itac50 ba 101 | $aita 102 $ait 181 1$6z01$ai $bxxxe 182 1$6z01$an 183 1$6z01$anc$2RDAcarrier 200 1 $a28. rapporto sulla situazione sociale del paese 1994$fCensis$gcon il patrocinio del CNEL 210 $aMilano$cF. Angeli$d1994 215 $a617 p.$cill., tabelle$d24 cm 461 1$1001CFI0055660$12001 $aRapporto sulla situazione sociale del Paese$fpredisposto dal CENSIS, Centro studi investimenti sociali 517 1 $aRapporto sulla situazione sociale del paese 1994$9RAV1043036 606 $aITALIA$xCONDIZIONI ECONOMICHE E SOCIALI$x1994$2FIR$3MILC078736$9I 676 $a330.945$9SITUAZIONI E CONDIZIONI ECONOMICHE. ITALIA$v23 676 $a330.9450929$9SITUAZIONI E CONDIZIONI ECONOMICHE. ITALIA. 1990-1999$v21 710 02$aCensis$3CFIV001456$4070$09271 712 02$aCNEL$3CFIV004803 791 02$aCentro studi investimenti sociali$3CFIV001458$zCensis 791 02$aFondazione Censis$3CFIV138870$zCensis 791 02$aCentro studi investimenti sociali$3CFIV001458$zCensis 791 02$aFondazione Censis$3CFIV138870$zCensis 791 02$aConseil national de l'économie et du travail$3CFIV134009$zCNEL 791 02$aEconomy and labour national council$3CFIV134731$zCNEL 791 02$aItalia$b : Consiglio nazionale dell'economia e del lavoro$3CFIV156625$zCNEL 791 02$aConsiglio nazionale dell'economia e del lavoro$3CFIV158538$zCNEL 791 02$aConseil national de l'économie et du travail$3CFIV134009$zCNEL 791 02$aEconomy and labour national council$3CFIV134731$zCNEL 791 02$aItalia$b : Consiglio nazionale dell'economia e del lavoro$3CFIV156625$zCNEL 791 02$aConsiglio nazionale dell'economia e del lavoro$3CFIV158538$zCNEL 801 3$aIT$bIT-000000$c20110331 850 $aIT-BN0095 $aIT-NA0457 901 $bNAP BI$cSALA 4 $nLibri da 3786 a 4150 912 $aRAV1050842 950 2$aBiblioteca Centralizzata di Ateneo$c1 v.$d 01POZZO LIB.ECON MON 7684$e 0101 0600153505E VMA 1 v. (Precedente collocazione G 1486)$fB $h20220810$i20220810 977 $a 01$a BI 996 $a28. rapporto sulla situazione sociale del paese$91491471 997 $aUNISANNIO LEADER 00907nam2 2200289 450 001 996654871303316 005 20250518175843.0 010 $a88-02-04073-7 100 $a20250429d1987----km y0itay5003 ba 101 0 $aita 102 $aIT 105 $ay 00 y 200 1 $a<> professioni intellettuali$fCarlo Ibba ... [et al.] 210 $aTorino$cUTET$d1987 215 $aXI, 508 p.$d24 cm 225 2 $aGiurisprudenza sistematica di diritto civile e commerciale 410 0$1001000313179$12001$aGiurisprudenza sistematica di diritto civile e commerciale 606 0 $aProfessioni intellettuali$xLegislazione$yItalia$2BNCF 676 $a344.450171 702 1$aIBBA,$bCarlo 801 0$aIT$bcba$gREICAT 912 $a996654871303316 951 $aXVI.7. Coll. 20/ 14$bFBUO$cXVI.7. Coll. 959 $aBK 969 $aFBUO 996 $aProfessioni intellettuali$9682612 997 $aUNISA